01896nam a2200265Ia 4500003000400000005001700004008004100021020001900062040000900081100001300090245003200103942001200135999001700147952013300164952013300297952013300430952011800563952013600681952013600817952013600953952013601089952013601225952013301361952013601494OSt20240327145139.0170523s9999 xx 000 0 und d a978-9389188707 cIIMT aSunder-S 0aText book of Rehabilitation 2ddcc02 c10695d10695 00102ddc4070a01b01d2017-06-01l2p01-B-99101r2019-06-21s2018-09-17umedical sciencew2017-06-01y02zPhysiotherapy Books 00102ddc4070a01b01d2017-06-01l2p01-B-99102r2021-07-26s2021-07-20umedical sciencew2017-06-01y02zPhysiotherapy Books 00102ddc4070a01b01d2017-06-01l1p01-B-99103r2021-07-28s2021-03-17umedical sciencew2017-06-01y02zPhysiotherapy Books 00102ddc4070a01b01d2017-06-01p01-B-99373r2017-06-01umedical sciencew2017-06-01y02zPhysiotherapy Books 00102ddc4070a01b01d2017-06-01l6m6p01-B-99374r2021-07-28s2020-12-15umedical sciencew2017-06-01y02zPhysiotherapy Books 00102ddc4070a01b01d2017-06-01l2m1p01-B-99375r2021-07-28s2020-11-24umedical sciencew2017-06-01y02zPhysiotherapy Books 00102ddc4070a01b01d2017-06-01l2m1p01-B-99376r2021-07-29s2020-10-03umedical sciencew2017-06-01y02zPhysiotherapy Books 00102ddc4070a01b01d2017-06-01l3m2p01-B-99377r2021-07-28s2020-11-02umedical sciencew2017-06-01y02zPhysiotherapy Books 00102ddc4070a01b01d2017-06-01l6m6p01-B-99378r2021-07-29s2021-03-02umedical sciencew2017-06-01y02zPhysiotherapy Books 00102ddc4070a01b01d2017-06-01l3p01-B-99379r2021-08-24s2021-07-20umedical sciencew2017-06-01y02zPhysiotherapy Books 00102ddc4070a01b01d2017-06-01l2m1p01-B-99380r2021-07-28s2020-10-07umedical sciencew2017-06-01y02zPhysiotherapy Books